| 000 | 00454nam a22001697a 4500 | ||
|---|---|---|---|
| 003 | NUST | ||
| 020 | _a8124205221 | ||
| 038 | _akhadija | ||
| 082 |
_a670.427 _bBER |
||
| 100 |
_aBereiter, Susan R. _986709 |
||
| 245 |
_aTroubleshooting and Human Factors in Automated Manufacturing Systems / _bSusan R. Bereiter |
||
| 260 |
_aNew Delhi: _bCrest Publisher, _c2005. |
||
| 300 |
_a310p. ; _b24 cm. |
||
| 500 | _aHardcover. | ||
| 563 | _aHB | ||
| 942 |
_cBK _2ddc |
||
| 999 |
_c32659 _d32659 |
||